000 00625cam a2200145 4500500
005 20251228093426.0
041 _afre
042 _adc
100 1 0 _aOhayon, Isabelle
_eauthor
245 0 0 _aMarlène LARUELLE, Sébastien PEYROUSE, éds. Islam et politique en ex-URSS (Russie d’Europe et Asie centrale) Paris : L’Harmattan - IFEAC, collection Centre-Asie, 2005, 338p.
260 _c2005.
500 _a49
786 0 _nCahiers du monde russe | Vol 46 | 4 | 2005-11-01 | p. 859zl-990zl | 1252-6576
856 4 1 _uhttps://shs.cairn.info/revue-cahiers-du-monde-russe-2005-4-page-859zl?lang=fr&redirect-ssocas=7080
999 _c1604364
_d1604364